Open Data Biblioteca Nacional de Portugal


República Portuguesa: Ministério da Cultura
Biblioteca Nacional de Portugal

Catálogo da BNP: acesso por Identificadores Unívocos
Registos Bibliográficos associados ao registo de autoridade

Etiqueta de registo: 00620cac 22001571i 450
001 1185298
003 http://id.bnportugal.gov.pt/bib/catbnp/1185298
100 ## $a20010924f18001899m y0pory0103 ba
101 0# $afre
200 1# $a La transfusion et l'infusion anciennes mises en parallèle avec la transfusion, l'infusion, et les injections hypodermatiques ou sous-cutanées modernes$fPar Jean Baptiste Ullersperger
210 #9 $a[S.l.$cs.n.$d18--]
215 ## $ap. 307-383$d21 cm
482 #1 $10011186396$cLisboa.Imprensa Nacional,$d1862$tEstudo sobre a hemeralopia...$5PTBN: S.A. 29853//1 V.
700 #1 $aUllersperger,$bJohann Baptist,$d1798-1878$31149442
801 #0 $aPT$bBN
801 #1 $aFR$bJOUVE
997 ## $aBIBEOD

Etiqueta de registo: 00522cam 22001691i 450
001 1201099
003 http://id.bnportugal.gov.pt/bib/catbnp/1201099
100 ## $a20020102d1875 m y0pory0103 ba
101 1# $apor$cger
102 ## $aPT
200 1# $aUrna ou cova$equal é mais util para a humanidade ?$fJ. B. Ullersperger$gtrad. do allemão por João Felix Pereira
210 #9 $aLisboa$cImp. Nacional,$d1875
215 ## $a84 p.$d23 cm
700 #1 $aUllersperger,$bJohann Baptist,$d1798-1878$31149442
702 #1 $aPereira,$bJoão Félix,$f1822-1891$4730$372875
801 #0 $aPT$bBN
801 #1 $aFR$bJOUVE
966 ## $lBN$mFGMON$sS.A. 12704//12 V. $x0
997 ## $aBIBEOD

Etiqueta de registo: 00254nbm 2200025 450
001 2283274
003 http://id.bnportugal.gov.pt/bib/catbnp/2283274
100 ## $a20260330f1874 k y0pory01030103ba
101 0# $aporspaengeng$cger
102 ## $aPT
105 ## $ay z 000yy
106 ## $ah
200 1# $aUrna ou Cova Qual é mais util para a humanidade?$fpor J. B. Ullersperger$gtrad[uzido] do allemão por João Felix Pereira$bManuscrito]
210 #1 $d[Ca 1874]
215 ## $a127 f.$d16 cm
300 ## $aAutógrafo
304 ## $aJoão Félix Pereira nasceu em Lisboa em 1822. Estudou na Escola Médico-Cirúrgica da capital; Engenharia Civil nas escolas politécnicas e no exército; Agronomia no Instituto Geral de Agricultura; Taquigrafia. Nos seus diplomas constam diversos louvores. Em 1849 foi nomeado professor de Geografia e História no Liceu Nacional de Lisboa, tendo exercido o magistério até 1874. Também regeu as cadeiras de Introdução e de Matemáticas no Liceu, e de Engenharia Comercial na Aula do Comércio. Foi colaborador em diversos jornais e revistas especializados, principalmente de Medicina
305 ## $aPubl.: Lisboa : Imp. Nacional, 1875
307 ## $aPartes do texto riscadas; correcções interlineares e acrescentos
307 ## $aManchas de tinta; papel acidificado; margens danificadas
307 ## $aSem encadernação; todas as folhas soltas
316 ## $aCota antiga: U-3-29
518 1# $aPrincípios de Química
700 #1 $aUllersperger,$bJohann Baptist,$d1798-1878$31149442
702 #1 $aPereira,$bJoão Félix,$f1822-1891$4730$372875
801 #0 $aPT$bBN
966 ## $lBN$mRESMAN$sCOD. 6873
971 ## $cipires$d20260330

Etiqueta de registo: 00254nbm 2200025 450
001 2283317
003 http://id.bnportugal.gov.pt/bib/catbnp/2283317
100 ## $a20260331f1866 k y0pory01030103ba
101 0# $aporspaengengger
102 ## $aPT
105 ## $ay z 000yy
106 ## $ah
200 1# $aO beriberi, considerado como doença e como epidemia$fpelo dr J. B. Ullersperger$ftrad[uzido] do allemão por João Felix Pereira$bManuscrito]
210 #1 $d[Ca 1866]
215 ## $a11 f.$d16 cm
300 ## $aAutógrafo assinado
304 ## $aJoão Félix Pereira nasceu em Lisboa em 1822. Estudou na Escola Médico-Cirúrgica da capital; Engenharia Civil nas escolas politécnicas e no exército; Agronomia no Instituto Geral de Agricultura; Taquigrafia. Nos seus diplomas constam diversos louvores. Em 1849 foi nomeado professor de Geografia e História no Liceu Nacional de Lisboa, tendo exercido o magistério até 1874. Também regeu as cadeiras de Introdução e de Matemáticas no Liceu, e de Engenharia Comercial na Aula do Comércio. Foi colaborador em diversos jornais e revistas especializados, principalmente de Medicina
307 ## $aPartes do texto riscadas; correcções interlineares e notas de rodapé
307 ## $aManchas de tinta
307 ## $aSem encadernação; todas as folhas soltas
316 ## $aCota antiga: U-3-35
700 #1 $aUllersperger,$bJohann Baptist,$d1798-1878$31149442
702 #1 $aPereira,$bJoão Félix,$f1822-1891$4730$372875
801 #0 $aPT$bBN$gRPC
966 ## $lBN$mRESMAN$sCOD. 6879
971 ## $cipires$d20260331

OpendataBNP@bnportugal.pt | Mais informação sobre acesso aos dados BNP